| 000 | 00780nam a2200265Ia 4500 | ||
|---|---|---|---|
| 001 | Z_5001 | ||
| 003 | CHAP | ||
| 005 | 20221107122603.0 | ||
| 008 | 220113s1994 mx a g 001 0 spa d | ||
| 010 | _a168057 | ||
| 020 | _a970-10-0500-7 | ||
| 040 | _cCHAP | ||
| 082 | _a001.6424 M5y | ||
| 245 |
_aMicrosoft FoxPro para Windows paso a paso: _bversión 2.5 / _cCatapult, inc.; traducción Sistemas de Imagen y Palabra |
||
| 260 |
_aMéxico, D. F. : _bMc Graw-Hill, _c1994 |
||
| 300 |
_a335 páginas, _bilustraciones |
||
| 650 | 1 | 7 |
_aFox Pro (Programación) _942796 |
| 650 | 1 | 0 |
_aAdministración de bases de datos _9147206 |
| 710 | 1 |
_aCatapult _9185596 _eFirma comercial |
|
| 901 | _a001.6424 M5y | ||
| 902 | _aA | ||
| 910 | _a1993 | ||
| 942 |
_c1 _2ddc |
||
| 942 | _2ddc | ||
| 999 |
_c168057 _d168057 |
||